| 000 | 00607nam a2200205 i 4500 | ||
|---|---|---|---|
| 001 | bgj | ||
| 100 | 1 | _aTHORNLEY, G. C. | |
| 245 | 1 | 0 |
_aAn Outline of English Literature / _cG.C. Thornley and Gwyneth Roberts. |
| 250 |
_aNew edition _a[16th impr.]. |
||
| 260 |
_aHarlow, Essex : _bLongman, _c1996. |
||
| 300 |
_a216 pp : _bill. ; _c23 cm. |
||
| 650 | 9 |
_aEnglish literature _xHistory and criticism |
|
| 700 | 1 |
_aROBERTS, Gwyneth. _eco-author |
|
| 020 | _a0582749174 (pbk) | ||
| 040 | _cBPK | ||
| 041 | 0 | _aeng | |
| 920 | _a0-582-74917-4 (pbk) | ||
| 942 | _cKS | ||
| 008 | s uk f |000 0 eng | ||
| 999 |
_c49340 _d49340 |
||
| 856 |
_uhttp://koha.tu.koszalin.pl/cgi-bin/koha/opac-detail.pl?biblionumber=49340 _yKatalog online BPK |
||